000 01627cam a2200385 a 4500
001 EDZ0000071621
003 StDuBDS
005 20161031105213.0
006 m||||||||d||||||||
007 cr |||||||||||
008 120405s2003 enk fo| 001|0|eng d
020 _a9781446219904 (ebook) :
_cNo price
040 _aStDuBDS
_beng
_cStDuBDS
_epn
049 _aAlfaisal Main Library
050 0 _aHM548
_b.F48 2003
082 0 4 _a306.3
_223
100 1 _aFevre, Ralph,
_d1955-
245 1 4 _aThe new sociology of economic behaviour
_h[electronic resource] /
_cRalph Fevre.
260 _aLondon :
_bSAGE,
_c2003.
300 _a1 online resource (vii, 277 p.).
490 1 _aNew horizons in sociology
520 8 _aThe author argues that the sociology of economic behaviour was hijacked by the economic sociology which grew out of Parsons' interpretation of Weber. This development neglected the moral considerations of classical sociology and made unfounded assumptions about the power of economic rationality.
521 _aSpecialized.
588 _aDescription based on print version record.
504 _aIncludes bibliographical references and index.
650 0 _aEconomics
_xSociological aspects.
650 0 _aSocial interaction
_xEconomic aspects.
650 0 _aConsumption (Economics)
_xSocial aspects.
655 7 _aElectronic books.
_2local
710 2 _aSage eBooks
776 0 8 _iPrint version :
_z9780761966630
830 0 _aNew horizons in sociology.
856 4 0 _uhttp://ezproxy.alfaisal.edu/login?url=http://sk.sagepub.com/books/the-new-sociology-of-economic-behaviour
942 _2lcc
_cEBOOKS
999 _c481604
_d481604